000 01129cab a2200241 4500
001 WB3314-58
008 090401t1997 xxu||||| |||| 00| 0 eng d
035 _a(Sirsi) u77586
041 _aeng
245 _aRent arrears
260 _c1997
350 _a0
490 _aEstates Gazette Case Summaries
_v[1997] EGCS 42 (29/3/97)
520 _a"Bessa Plus Plc v Lancaster" CA 17 March 1997. The plaintiff let a house on a monthly assured tenancy to the defendant on terms allowing for direct payment by the council`s housing benefit department (HBD). The defendant covenanted not to share occupation of the property. P served notice for arrears of rent. P refused rent tendered by the HBD in name of the cohabitee of tenant. Decision whether this refusal disabled the landlord from invoking mandatory ground for possession. Appeal by plaintiff allowed.
650 _aASSURED TENANCY
650 _aBESSA PLUS PLC V LANCASTER
650 _aHOUSING ACT 1988
650 _aHOUSING BENEFITS
650 _aRENT ARREARS
690 _aLANDLORD AND TENANT-CASE LAW-RESIDENTIAL TENANCIES
942 _n0
948 _c04/04/1997
999 _c48775
_d48775